000 00284nam a22001337a 4500
008 170816b xxu||||| |||| 00| 0 eng d
020 _a2900534552601
041 _aeng
080 _25TH
_a51
100 _a36
101 _aMAT
245 _aSTATISTICS
_cHEALEY,J.F
942 _2udc
_cBK
999 _c23630
_d23630